| 000 | 00731cab a2200253 4500 | ||
|---|---|---|---|
| 001 | WB2746-08 | ||
| 008 | 090401t1991 xxu||||| |||| 00| 0 eng d | ||
| 035 | _a(Sirsi) u50292 | ||
| 041 | _aeng | ||
| 245 | _aPlans for Essex and Kent | ||
| 260 | _c1991 | ||
| 350 | _a0 | ||
| 490 |
_aSunday Times _v24 November 1991, 1.9(1) |
||
| 520 | _aThe Government has commissioned a study into the redevelopment of the lower Thames area; an interim report is to be published in February 1992. | ||
| 650 | _aEAST LONDON | ||
| 650 | _aESSEX | ||
| 650 | _aKENT | ||
| 650 | _aLLEWELYN-DAVIES PLANNING | ||
| 650 | _aLONDON | ||
| 650 | _aLOWER THAMES | ||
| 690 | _aPROPERTY-PROPERTY DEVELOPMENT | ||
| 942 | _n0 | ||
| 948 | _c04/03/1997 | ||
| 999 |
_c31386 _d31386 |
||